How many Yugoslavian cities can you name? - Statistics

General Stats
  • This quiz has been taken 172 times
  • The average score is 17 of 26
Answer Stats
Answer % Correct
Zagreb
97%
Belgrade
96%
Sarajevo
94%
Ljubljana
90%
Podgorica
87%
Skopje
86%
Split
86%
Pristina
85%
Novi sad
83%
Nis
75%
Banja luka
74%
Mostar
73%
Rijeka
69%
Dubrovnik
67%
Maribor
64%
Zadar
61%
Tuzla
60%
Osijek
59%
Subotica
57%
Kragujevac
52%
Zenica
46%
Pula
44%
Niksic
33%
Ohrid
27%
Sibenik
26%
Budva
23%
No matching quizzes found
Score Distribution
Percent of People with Each Score
Percentile by Number Answered
Your Score History
You have not taken this quiz